Estudios de sexología / (Record no. 71124)
[ view plain ]
| 000 -LEADER | |
|---|---|
| campo de control de longitud fija | 00689nam a2200205 i 4500 |
| 001 - NÚMERO DE CONTROL | |
| campo de control | 71124 |
| 003 - IDENTIFICADOR DE NÚMERO DE CONTROL | |
| campo de control | ES-MaACL |
| 005 - FECHA Y HORA DE LA ÚLTIMA TRANSACCIÓN | |
| campo de control | 20250819170004.0 |
| 007 - CAMPO FIJO DE DESCRIPCIÓN FÍSICA--INFORMACIÓN GENERAL | |
| campo de control de longitud fija | t| |
| 008 - DATOS DE LONGITUD FIJA--INFORMACIÓN GENERAL | |
| campo de control de longitud fija | 040805s1968 sp ||||1| spa d |
| 245 00 - MENCIÓN DEL TÍTULO | |
| Título | Estudios de sexología / |
| Mención de responsabilidad, etc. | publicados bajo la dirección de M. Gaudefroy ; con un prefacio del Cardenal Lienart ; [traducción de Ismael Antich]. |
| 260 ## - PUBLICACIÓN, DISTRIBUCIÓN, ETC. | |
| Lugar de publicación, distribución, etc. | Barcelona : |
| Nombre del editor, distribuidor, etc. | Herder, |
| Fecha de publicación, distribución, etc. | 1968. |
| 300 ## - DESCRIPCIÓN FÍSICA | |
| Extensión | 492 p. : |
| Otras características físicas | gráf. ; |
| Dimensiones | 1968. |
| 650 07 - PUNTO DE ACCESO ADICIONAL DE MATERIA--TÉRMINO DE MATERIA | |
| Término de materia o nombre geográfico como elemento de entrada | Sexología |
| Fuente del encabezamiento o término | embne |
| 9 (RLIN) | 17076 |
| 700 1# - ENTRADA AGREGADA--NOMBRE PERSONAL | |
| Nombre de persona | Lienart, Aquiles |
| Títulos y otros términos asociados al nombre | , Cardenal. |
| 9 (RLIN) | 72244 |
| 700 1# - ENTRADA AGREGADA--NOMBRE PERSONAL | |
| Nombre de persona | Antich, Ismael. |
| 9 (RLIN) | 21892 |
| 700 1# - ENTRADA AGREGADA--NOMBRE PERSONAL | |
| Nombre de persona | Gaudefroy, M. |
| 9 (RLIN) | 55991 |
| 852 ## - LOCALIZACIÓN | |
| Ubicación | ES-MaACL |
| Número de control de estantería | C-47284 |
| Sublocalización o colección | R.65955 |
| Estatus retirado | Estado de pérdida | Estado de daño | No para préstamo | Biblioteca de origen | Biblioteca actual | Ubicación en estantería | Fecha de adquisición | Fuente de adquisición | Total de préstamos | Signatura topográfica completa | Código de barras | Visto por última vez | Precio de reemplazo | Tipo de ítem Koha |
|---|---|---|---|---|---|---|---|---|---|---|---|---|---|---|
| Biblioteca del Ateneo de Madrid | Biblioteca del Ateneo de Madrid | Depósito 2 | 17/01/2008 | C-47284 | 1074473 | 23/02/2023 | 23/02/2023 | Libro impreso |
